Welcome to CU Library Online Public Access Catalogue (OPAC)

Readings in microeconomics theory (Record no. 5210)

MARC details
000 -LEADER
fixed length control field 00410nam a22001577a 4500
005 - DATE AND TIME OF LATEST TRANSACTION
control field 20250326122950.0
008 - FIXED-LENGTH DATA ELEMENTS--GENERAL INFORMATION
fixed length control field 250326b |||||||| |||| 00| 0 eng d
020 ## - INTERNATIONAL STANDARD BOOK NUMBER
International Standard Book Number 0030990599
050 ## - LIBRARY OF CONGRESS CALL NUMBER
Classification number HB 172 MAN
Item number 1
100 ## - MAIN ENTRY--PERSONAL NAME
Personal name MANFREDI, Manna, L.A MA. ed
245 ## - TITLE STATEMENT
Title Readings in microeconomics theory
260 ## - PUBLICATION, DISTRIBUTION, ETC.
Place of publication, distribution, etc. London
Name of publisher, distributor, etc. The Dryden press
Date of publication, distribution, etc. 1997
300 ## - PHYSICAL DESCRIPTION
Extent xxvi,514p
500 ## - GENERAL NOTE
General note index,
942 ## - ADDED ENTRY ELEMENTS (KOHA)
Source of classification or shelving scheme Library of Congress Classification
Koha item type Books
Suppress in OPAC No
999 ## -
-- 5210
-- 5210
Holdings
Withdrawn status Lost status Source of classification or shelving scheme Damaged status Not for loan Collection Home library Current library Shelving location Date acquired Total checkouts Full call number Barcode Date last seen Copy number Price effective from Koha item type
    Library of Congress Classification     Non-fiction Graduate Library (Christ Temple) Graduate Library (Christ Temple) General stacks 03/26/2025   HB 172 MAN GSCT00000826 03/26/2025 1 03/26/2025 Books
© 2023-2024 Copyright: Central University Libraries. All Rights Reserved | Created by: Mahone Tech Office